Central Library OPAC University of Rajshahi

Tazkirat-ul-ulama : (Record no. 33182)

MARC details
000 -LEADER
fixed length control field 00995cam a22002651 4500
001 - CONTROL NUMBER
control field 33182
003 - CONTROL NUMBER IDENTIFIER
rucl marc code BD-RjUL
005 - DATE AND TIME OF LATEST TRANSACTION
control field 20211209051948.0
008 - FIXED-LENGTH DATA ELEMENTS--GENERAL INFORMATION
fixed length control field 140430s1934 ii f 000 0 eng
035 ## - SYSTEM CONTROL NUMBER
System control number (BD-RjUL)33273
System control number (OCoLC)3978197
040 ## - CATALOGING SOURCE
Original cataloging agency DLC
Transcribing agency MnU
Modifying agency MnU
-- BD-RjUL
Language of cataloging eng
041 0# - LANGUAGE CODE
Language code of text/sound track or separate title engper
082 ## - DEWEY DECIMAL CLASSIFICATION NUMBER
Classification number 915.42
Author mark and year MUT 1934
100 1# - MAIN ENTRY--PERSONAL NAME
Personal name Muḥammad, Khair al-Dīn,
Dates associated with a name 1752-
9 (RLIN) 100785
245 10 - TITLE STATEMENT
Title Tazkirat-ul-ulama :
Remainder of title or, A memoir of the learned men (of Jaunpur) /
Statement of responsibility, etc. by Khair-ud-Din Muhammad. Edited in the original Persian with English translation, notes, etc. by Muhammad Sana Ullah.
260 ## - PUBLICATION, DISTRIBUTION, ETC. (IMPRINT)
Place of publication, distribution, etc. Calcutta :
Name of publisher, distributor, etc. a. Faiz,
Date of publication, distribution, etc. 1934.
300 ## - PHYSICAL DESCRIPTION
Pagination xiv, 82, vi p.; 2, 75 p. :
Illustrations plates. ;
Size 19 cm.
651 #0 - SUBJECT ADDED ENTRY--GEOGRAPHIC NAME
Geographic name Jaunpur (India : City)
Form subdivision Biography.
9 (RLIN) 100786
Geographic name Jaunpur (India : City)
General subdivision Intellectual life.
9 (RLIN) 100787
700 0# - ADDED ENTRY--PERSONAL NAME
Personal name Mohammad Sana Ullah,
942 ## - ADDED ENTRY ELEMENTS (KOHA)
Source of classification or shelving scheme Dewey Decimal Classification
Koha item type Books
Holdings
Lost status Source of classification or shelving scheme Damaged status Not for loan Collection code Permanent Location Current Location Shelving location Date acquired Total Checkouts Full call number Date last seen Copy number Koha item type
  Dewey Decimal Classification   Not For Loan Non-fiction Central Library, University of Rajshahi Central Library, University of Rajshahi Reading Room 30/04/2014   915.42 MUT 1934 30/04/2014 C-1 Books